000 00974nam a22003257a 4500
003 CHAP
005 20220329143544.0
008 100521s1997 mx r 00010 spa d
010 _a98486
011 _a99458
020 _a9681330013
035 _a110144
040 _cCHAP
082 1 4 _a368.4
_bP29
100 0 0 _aPazos, Luis.
_986384
245 1 0 _aMi dinero y las Afores, ¿cual elijo?
_c/por Luis Pazos
260 _aMéxico, D.F. :
_bDIANA,
_c1997
300 _a147 p.
590 _aBATCH-UPD
_b10
_c20130110
_lUCH01
_h1558
590 _aBATCH-UPD
_b10
_c20130410
_lUCH01
_h0956
590 _aBATCH-UPD
_b10
_c20130914
_lUCH01
_h0254
590 _aCONVERSION
_b10
_c20130109
_lUCH01
_h1354
650 1 4 _aAhorro e inversión.
_93105
650 1 4 _aBienestar social.
_912635
650 1 4 _aSeguridad social
_zMéxico.
_9103687
901 _aBK
911 _aen proceso
942 _cLIBRO
949 _a368.4 P29
_bBC
_cLIBRO
_d33724002052686
_eLIBRO
_gI.c/e
_h112672
_i110144
_sb
999 _c98486
_d98486